|
|
|
|
| LEADER |
00000cam a2200000 i 4500 |
| 001 |
1/87800 |
| 008 |
051019s2001 gre d |
| 020 |
|
|
|a 960-14-0431-7
|
| 035 |
|
|
|l 10080915
|
| 040 |
|
|
|a GR-MY-UA
|b gre
|e aacr
|
| 041 |
0 |
|
|a gre
|
| 082 |
0 |
|
|a 398.09495
|2 (22)
|
| 100 |
1 |
|
|a Μερακλής, Μιχάλης Γ.,
|d 1932-
|
| 245 |
1 |
0 |
|a Νεοελληνικός λαϊκός βίος :
|b όψεις και απόψεις /
|c Μ. Γ. Μερακλής
|
| 260 |
|
|
|a Αθήνα :
|b Λιβάνη,
|c 2001
|
| 300 |
|
|
|a 181 σ.;
|c 20 εκ.
|
| 490 |
1 |
|
|a Επιστήμη
|
| 504 |
|
|
|a Περιέχει βιβλιογραφία (σ. 177-181)
|
| 650 |
0 |
0 |
|a Folklore
|z Greece.
|
| 650 |
0 |
0 |
|a Folk songs
|z Greece.
|
| 651 |
|
0 |
|a Greece
|x Social life and customs.
|
| 830 |
|
0 |
|a Επιστήμη
|
| 852 |
|
|
|a INST
|b LESVOS
|e 20051019
|h 398.09495 ΜΕΡ
|p 005100032848
|q 005100032848
|t BK
|y 0
|
| 901 |
|
|
|a BIBL1-2005-3
|
| 909 |
|
|
|a Λ
|b 124367
|
| 922 |
|
|
|a 1ΕΛΗ
|b 200510
|c Παράρτημα Λέσβου
|d Χατζηδανιήλ
|
| 970 |
|
|
|a ΚΑΡΑ
|b ΓΙΑΣΕΜΗ
|z 2005/10/19
|